The illustrated dictionary of building terms / (Record no. 6090)

MARC details
000 -LEADER
fixed length control field 00663nac a22001931u 4500
010 ## - LIBRARY OF CONGRESS CONTROL NUMBER
LC control number 96035305
020 ## - INTERNATIONAL STANDARD BOOK NUMBER
International Standard Book Number 007049729X
082 00 - DEWEY DECIMAL CLASSIFICATION NUMBER
Classification number 690.03
Item number PHI
090 ## - LOCALLY ASSIGNED LC-TYPE CALL NUMBER (OCLC); LOCAL CALL NUMBER (OCLC)
-- 6090
-- 6090
100 ## - MAIN ENTRY--PERSONAL NAME
Personal name Philbin, Tom,
245 14 - TITLE STATEMENT
Title The illustrated dictionary of building terms /
Statement of responsibility, etc Tom Philbin.
260 ## - PUBLICATION, DISTRIBUTION, ETC. (IMPRINT)
Place of publication, distribution, etc New York :
Name of publisher, distributor, etc McGraw-Hill,c1997.
Date of publication, distribution, etc c1997.
300 ## - PHYSICAL DESCRIPTION
Extent v, 249 p. :
Other physical details ill. ;
Dimensions 23 cm.
500 ## - GENERAL NOTE
General note Distributer: Al-Ahram.
511 ## - PARTICIPANT OR PERFORMER NOTE
Participant or performer note Catalogued By: Mahitab.
650 #0 - SUBJECT ADDED ENTRY--TOPICAL TERM
Topical term or geographic name as entry element Building
General subdivision Dictionaries.
856 42 - ELECTRONIC LOCATION AND ACCESS
Materials specified Publisher description
Uniform Resource Identifier <a href="http://www.loc.gov/catdir/description/mh022/96035305.html">http://www.loc.gov/catdir/description/mh022/96035305.html</a>
942 ## - ADDED ENTRY ELEMENTS (KOHA)
Item type Book - Borrowing
Call number prefix 690.03PHI
Holdings
Withdrawn status Item status Damaged status Not for loan Home library Current library Shelving location Date acquired Source of acquisition Total Checkouts Full call number Barcode Date last seen Koha item type
        Central Library Central Library First floor 07/11/2013 Purchase   690.03PHI 000007665 15/07/2025 Book - Borrowing